<?xml version="1.0" encoding="UTF-8"?>
<record
    xmlns:xsi="http://www.w3.org/2001/XMLSchema-instance"
    xsi:schemaLocation="http://www.loc.gov/MARC21/slim http://www.loc.gov/standards/marcxml/schema/MARC21slim.xsd"
    xmlns="http://www.loc.gov/MARC21/slim">

  <leader>00936nam a2200229Ia 4500</leader>
  <controlfield tag="003">IN-BaIIA</controlfield>
  <controlfield tag="008">211028s9999    xx            000 0 eng d</controlfield>
  <datafield tag="040" ind1=" " ind2=" ">
    <subfield code="c">IIA Library</subfield>
  </datafield>
  <datafield tag="080" ind1=" " ind2=" ">
    <subfield code="a">52-77(082.2)</subfield>
    <subfield code="b">COM</subfield>
  </datafield>
  <datafield tag="111" ind1=" " ind2=" ">
    <subfield code="a">Workshop on Compact Steep Spectrum and GHZ Peaked Spectrum Radio Sources</subfield>
    <subfield code="c">Netherlands</subfield>
    <subfield code="d">1990 June 18-19</subfield>
    <subfield code="9">17166</subfield>
  </datafield>
  <datafield tag="245" ind1=" " ind2="0">
    <subfield code="a">Compact steep spectrum and GHZ peaked spectrum radio sources</subfield>
    <subfield code="b">workshop held in Dwingeloo the Netherlands on June 18-19, 1990</subfield>
    <subfield code="c">edited by C. Fanti&#x2026;[et al.]                                                   </subfield>
  </datafield>
  <datafield tag="260" ind1=" " ind2=" ">
    <subfield code="a">Bologna</subfield>
    <subfield code="b">Consiglio Nazionale Della Richerche</subfield>
    <subfield code="c">1990</subfield>
  </datafield>
  <datafield tag="300" ind1=" " ind2=" ">
    <subfield code="a">ii, 234p.</subfield>
  </datafield>
  <datafield tag="650" ind1=" " ind2=" ">
    <subfield code="a">Astronomy and Astrophysics Thesaurus</subfield>
  </datafield>
  <datafield tag="650" ind1=" " ind2=" ">
    <subfield code="a">Radio Sources</subfield>
    <subfield code="9">3666</subfield>
  </datafield>
  <datafield tag="650" ind1=" " ind2=" ">
    <subfield code="a">Spectrum</subfield>
    <subfield code="9">17167</subfield>
  </datafield>
  <datafield tag="700" ind1=" " ind2=" ">
    <subfield code="a">Fanti, C., ed.</subfield>
    <subfield code="9">17168</subfield>
  </datafield>
  <datafield tag="700" ind1=" " ind2=" ">
    <subfield code="a">Fanti, R., ed.</subfield>
    <subfield code="9">13475</subfield>
  </datafield>
  <datafield tag="700" ind1=" " ind2=" ">
    <subfield code="a">O'Dea, C. P., ed.</subfield>
    <subfield code="9">17169</subfield>
  </datafield>
  <datafield tag="700" ind1=" " ind2=" ">
    <subfield code="a">Schilizzi, R. T., ed. </subfield>
    <subfield code="9">17170</subfield>
  </datafield>
  <datafield tag="942" ind1=" " ind2=" ">
    <subfield code="c">BK</subfield>
  </datafield>
  <datafield tag="999" ind1=" " ind2=" ">
    <subfield code="c">10132</subfield>
    <subfield code="d">10132</subfield>
  </datafield>
  <datafield tag="952" ind1=" " ind2=" ">
    <subfield code="0">0</subfield>
    <subfield code="1">0</subfield>
    <subfield code="4">0</subfield>
    <subfield code="7">0</subfield>
    <subfield code="a">BAN</subfield>
    <subfield code="b">BAN</subfield>
    <subfield code="c">GEN</subfield>
    <subfield code="d">1991-02-12</subfield>
    <subfield code="l">0</subfield>
    <subfield code="o">52-77(082.2)/ COM</subfield>
    <subfield code="p">11042</subfield>
    <subfield code="r">2021-11-05</subfield>
    <subfield code="w">1991-02-12</subfield>
    <subfield code="y">BK</subfield>
  </datafield>
</record>
